Turecko a Európska únia
Vývoj vzťahov Turecka s Európskou úniou. Prehľad základných ekonomických ukazovateľov Turecka. Ekonomické aspekty vstupu Turecka a Európska únia. Vývoj zahraničného obchodu medzi Tureckom a Európskou úniou. Náklady na rozšírenie po vstupe Turecka do Európskej únie. Predvstupové rokovania. Politické...
Salvato in:
| Autore principale: | |
|---|---|
| Altri autori: | |
| Natura: | Capitolo di libro |
| Lingua: | slovacco |
| Soggetti: | |
| Tags: |
Nessun Tag, puoi essere il primo ad aggiungerne!!
|
MARC
| LEADER | 00000naa$a2200000$$$4500 | ||
|---|---|---|---|
| 001 | 0034159 | ||
| 005 | 20240502071444.1 | ||
| 041 | 0 | |a slo | |
| 044 | |a SK | ||
| 245 | 1 | 0 | |a Turecko a Európska únia |c Ľudmila Lipková, Stanislav Mráz |
| 520 | |a Vývoj vzťahov Turecka s Európskou úniou. Prehľad základných ekonomických ukazovateľov Turecka. Ekonomické aspekty vstupu Turecka a Európska únia. Vývoj zahraničného obchodu medzi Tureckom a Európskou úniou. Náklady na rozšírenie po vstupe Turecka do Európskej únie. Predvstupové rokovania. Politické aspekty. | ||
| 610 | 2 | 0 | |a Turecko |
| 610 | 2 | 0 | |a Európska únia |
| 610 | 2 | 0 | |a integrácia |
| 610 | 2 | 0 | |a vzťahy hospodárske medzinárodné |
| 610 | 2 | 0 | |a obchod zahraničný |
| 610 | 2 | 0 | |a ukazovatele ekonomické |
| 100 | 1 | |a Lipková, Ľudmila | |
| 700 | 1 | |a Mráz, Stanislav | |